Front matter (notice n° 1920255)
[ vue normale ]
| 000 -LEADER | |
|---|---|
| fixed length control field | 00948cam a2200169 4500500 |
| 005 - DATE AND TIME OF LATEST TRANSACTION | |
| control field | 20260329022447.0 |
| 041 ## - LANGUAGE CODE | |
| Language code of text/sound track or separate title | fre |
| 042 ## - AUTHENTICATION CODE | |
| Authentication code | dc |
| 100 10 - MAIN ENTRY--PERSONAL NAME | |
| Personal name | Lejeune, Éline |
| Relator term | author |
| 245 00 - TITLE STATEMENT | |
| Title | Front matter |
| 260 ## - PUBLICATION, DISTRIBUTION, ETC. | |
| Date of publication, distribution, etc. | 2026.<br/> |
| 500 ## - GENERAL NOTE | |
| General note | 14 |
| 520 ## - SUMMARY, ETC. | |
| Summary, etc. | In French-speaking Belgium, the issue of academic cheating is very rarely studied. This article presents a survey conducted among 600 French-speaking students from four secondary public schools. The results challenge the stereotype that boys cheat more than girls. Many students would participate in cheating in exchange of a reward. Most students see cheating as a barrier to their future, but others view it to obtain rewards, such as a diploma, rather than as a part of learning process. |
| 700 10 - ADDED ENTRY--PERSONAL NAME | |
| Personal name | Demeuse, Marc |
| Relator term | author |
| 786 0# - DATA SOURCE ENTRY | |
| Note | Phronesis | 15 | 2 | 2026-02-04 | p. 4-14 |
| 856 41 - ELECTRONIC LOCATION AND ACCESS | |
| Uniform Resource Identifier | <a href="https://shs.cairn.info/journal-phronesis-2026-2-page-4?lang=en&redirect-ssocas=7080">https://shs.cairn.info/journal-phronesis-2026-2-page-4?lang=en&redirect-ssocas=7080</a> |
Pas d'exemplaire disponible.




Réseaux sociaux